| 000 | 01048cam a22002775a 4500 | ||
|---|---|---|---|
| 007 | ta | ||
| 008 | 131111s2007 enkad||fr|||| 001 0 eng d | ||
| 010 | _a 2007024694 | ||
| 020 | _a 0470031441 | ||
| 020 | _a9780470031438 | ||
| 020 | _a9780470031445 | ||
| 082 | 0 | 4 |
_a629.89 _bMOU _222 |
| 100 | 1 |
_aMoudgalya, Kannan M. _934433 |
|
| 245 | 1 | 0 |
_aDigital control / _cKannan M. Moudgalya. |
| 260 |
_aChichester, West Sussex, England ; _aHoboken, NJ, USA : _bWiley, _cc2007. |
||
| 300 |
_a543 p. : _bill. ; _c24 cm. |
||
| 500 | _aindex 536-540 | ||
| 504 | _aIncludes bibliographical references. | ||
| 650 | 0 |
_aDigital control systems. _919120 _2BUEsh |
|
| 651 | _2BUEsh | ||
| 653 | _cNovember2013 | ||
| 856 | 4 | 1 |
_3Table of contents only _uhttp://www.loc.gov/catdir/toc/ecip0720/2007024694.html |
| 856 | 4 | 1 |
_3Publisher description _uhttp://www.loc.gov/catdir/enhancements/fy0739/2007024694-d.html |
| 856 | 4 | 1 |
_3Contributor biographical information _uhttp://www.loc.gov/catdir/enhancements/fy0739/2007024694-b.html |
| 942 |
_cBB _k629.89MOU _2ddc |
||
| 999 |
_c8468 _d8468 |
||